00854 2200277 4500001002100000005001700021008004100038020001800079035002400097090001800121100002300139245016200162250001100324260003000335300003000365500003600395500003100431500001100462650001500473700002500488850001700513985000600530986001000536999001500546999001500561YOGYA-0209000003927220090227025444.0 ind  a0-471-54265-2 0010-020900000039272 a510bVan MlK aVAN CLEAVE, Janice aMatematika untuk anakbKegiatan-kegiatan sederhana yang membuat belajar matematika menjadi menyenangkancJanice Van Cleave ; alih bahasa, Ervina Yudha Kusuma aCet. 1 aBandungbPakar Rayac2003 avii, 215 hlmbilusc23 cm aJudul asli : Math for every kid aBibliografi : hlm. 207-209 aIndeks aMatematika aKusuma, Ervina Yudha aYOPDYOG(JSC) a2 artrev a05B0007591 a05B0007592